The greatest salesman in the world / (Record no. 3491)
[ view plain ]
| 000 -LEADER | |
|---|---|
| fixed length control field | 00544nam a2200205Ia 4500 |
| 001 - CONTROL NUMBER | |
| control field | 27780187 |
| 003 - CONTROL NUMBER IDENTIFIER | |
| control field | OCoLC |
| 005 - DATE AND TIME OF LATEST TRANSACTION | |
| control field | 20181214095125.0 |
| 008 - FIXED-LENGTH DATA ELEMENTS--GENERAL INFORMATION | |
| fixed length control field | 930323t19911968nyu 000 0 eng d |
| 020 ## - INTERNATIONAL STANDARD BOOK NUMBER | |
| International Standard Book Number | 055327757X |
| 040 ## - CATALOGING SOURCE | |
| Original cataloging agency | JNA |
| Transcribing agency | JNA |
| Modifying agency | BAKER |
| 082 #4 - DEWEY DECIMAL CLASSIFICATION NUMBER | |
| Classification number | 813.54 |
| Item number | M272G |
| 090 ## - LOCALLY ASSIGNED LC-TYPE CALL NUMBER (OCLC); LOCAL CALL NUMBER (RLIN) | |
| Classification number (OCLC) (R) ; Classification number, CALL (RLIN) (NR) | PS3563.A464 |
| Local cutter number (OCLC) ; Book number/undivided call number, CALL (RLIN) | G7 1991 |
| 100 1# - MAIN ENTRY--PERSONAL NAME | |
| Personal name | Mandino, Og. |
| 245 14 - TITLE STATEMENT | |
| Title | The greatest salesman in the world / |
| Statement of responsibility, etc. | by Og Mandino. |
| 260 ## - PUBLICATION, DISTRIBUTION, ETC. | |
| Place of publication, distribution, etc. | New York : |
| Name of publisher, distributor, etc. | Bantam, |
| Date of publication, distribution, etc. | [1991?], c1968. |
| 300 ## - PHYSICAL DESCRIPTION | |
| Extent | [10], 111, [7] p. ; |
| Dimensions | 18 cm. |
| 650 #0 - SUBJECT ADDED ENTRY--TOPICAL TERM | |
| Topical term or geographic name entry element | Success. |
| 942 ## - ADDED ENTRY ELEMENTS (KOHA) | |
| Source of classification or shelving scheme | Dewey Decimal Classification |
| Koha item type | Books |
| Withdrawn status | Lost status | Source of classification or shelving scheme | Damaged status | Not for loan | Collection code | Home library | Current library | Shelving location | Date acquired | Cost, normal purchase price | Total Checkouts | Full call number | Barcode | Date last seen | Price effective from | Koha item type |
|---|---|---|---|---|---|---|---|---|---|---|---|---|---|---|---|---|
| Dewey Decimal Classification | Not For Loan | Non-fiction | Harvest Mission College | Harvest Mission College | General Stacks | 13.11.2018 | 120.00 | 813.54 M272G | 004047 | 13.11.2018 | 13.11.2018 | Books |
